Mathematical simulation of the ignition of coal particles in airflow; Solid Fuel Chemistry; Vol. 49, iss. 2

Detalles Bibliográficos
Parent link:Solid Fuel Chemistry
Vol. 49, iss. 2.— 2015.— [Р. 73-79]
Autor Principal: Glushkov D. O. Dmitry Olegovich
Corporate Authors: Национальный исследовательский Томский политехнический университет (ТПУ) Энергетический институт (ЭНИН) Кафедра теоретической и промышленной теплотехники (ТПТ), Национальный исследовательский Томский политехнический университет Энергетический институт Кафедра автоматизации теплоэнергетических процессов
Outros autores: Kuznetsov G. V. Geny Vladimirovich, Strizhak P. A. Pavel Alexandrovich
Summary:Title screen
A numerical study of interrelated heat and mass transfer processes with consideration for the thermal reaction of the organic matter of fuel on the gas-phase ignition of coal particles with sizes from 50 to 500 ?m in airflow was performed. Minimum air temperatures at which the ignition of volatile substances occurs in an oxidizing atmosphere were determined. The calculated values are lower than the level of maximum permissible temperatures in the individual sections of systems for the preparation of pulverized coal at coal-burning power plants.
Idioma:inglés
Publicado: 2015
Subjects:
Acceso en liña:https://doi.org/10.3103/S0361521915020032
Formato: Electrónico Capítulo de libro
KOHA link:https://koha.lib.tpu.ru/cgi-bin/koha/opac-detail.pl?biblionumber=667838

MARC

LEADER 00000naa0a2200000 4500
001 667838
005 20250402123611.0
035 |a (RuTPU)RU\TPU\network\39049 
035 |a RU\TPU\network\11044 
090 |a 667838 
100 |a 20220427d2015 k||y0rusy50 ba 
101 0 |a eng 
102 |a US 
135 |a drgn ---uucaa 
181 0 |a i  
182 0 |a b 
200 1 |a Mathematical simulation of the ignition of coal particles in airflow  |f D. O. Glushkov, G. V. Kuznetsov, P. A. Strizhak 
203 |a Text  |c electronic 
300 |a Title screen 
320 |a [References: 38 tit.] 
330 |a A numerical study of interrelated heat and mass transfer processes with consideration for the thermal reaction of the organic matter of fuel on the gas-phase ignition of coal particles with sizes from 50 to 500 ?m in airflow was performed. Minimum air temperatures at which the ignition of volatile substances occurs in an oxidizing atmosphere were determined. The calculated values are lower than the level of maximum permissible temperatures in the individual sections of systems for the preparation of pulverized coal at coal-burning power plants. 
461 |t Solid Fuel Chemistry 
463 |t Vol. 49, iss. 2  |v [Р. 73-79]  |d 2015 
610 1 |a электронный ресурс 
610 1 |a труды учёных ТПУ 
610 1 |a solid fuel 
610 1 |a thermal power plant 
610 1 |a coal gasification 
610 1 |a solid fuel chemistry 
610 1 |a coal particle 
610 1 |a твердые топлива 
610 1 |a тепловые электростанции 
610 1 |a газификация 
610 1 |a угли 
610 1 |a угольные частицы 
700 1 |a Glushkov  |b D. O.  |c specialist in the field of power engineering  |c Professor, Director of the ISHFVP of the Tomsk Polytechnic University, Doctor of Technical Sciences  |f 1988-  |g Dmitry Olegovich  |3 (RuTPU)RU\TPU\pers\32471  |9 16419 
701 1 |a Kuznetsov  |b G. V.  |c Specialist in the field of heat power energy  |c Professor of Tomsk Polytechnic University, Doctor of Physical and Mathematical Sciences  |f 1949-  |g Geny Vladimirovich  |3 (RuTPU)RU\TPU\pers\31891  |9 15963 
701 1 |a Strizhak  |b P. A.  |c Specialist in the field of heat power energy  |c Doctor of Physical and Mathematical Sciences (DSc), Professor of Tomsk Polytechnic University (TPU)  |f 1985-  |g Pavel Alexandrovich  |3 (RuTPU)RU\TPU\pers\30871 
712 0 2 |a Национальный исследовательский Томский политехнический университет (ТПУ)  |b Энергетический институт (ЭНИН)  |b Кафедра теоретической и промышленной теплотехники (ТПТ)  |3 (RuTPU)RU\TPU\col\18679 
712 0 2 |a Национальный исследовательский Томский политехнический университет  |b Энергетический институт  |b Кафедра автоматизации теплоэнергетических процессов  |3 (RuTPU)RU\TPU\col\18678 
801 0 |a RU  |b 63413507  |c 20220427  |g RCR 
856 4 |u https://doi.org/10.3103/S0361521915020032 
942 |c CF